LEADER 01833nas 2200625- 450 001 9910867299803321 005 20240715213016.0 011 $a2148-0109 035 $a(OCoLC)905958538 035 $a(CKB)2670000000567635 035 $a(CONSER)--2024242952 035 $a(EXLCZ)992670000000567635 100 $a20150303b19742013 --- - 101 0 $aeng 135 $aurmnu|||||||| 181 $ctxt$2rdacontent 182 $cc$2rdamedia 183 $acr$2rdacarrier 200 00$aFizyoterapi rehabilitasyon 210 1$aAnkara :$cTürkiye Fizyoterapistler Derne?i,$d-2013. 215 $a1 online resource 517 1 $aPhysiotherapy rehabilitation 606 $aPhysical therapy$vPeriodicals 606 $aMedical rehabilitation$vPeriodicals 606 $aPhysical Therapy Modalities 606 $aRehabilitation 606 $aPhysical Therapy Specialty 606 $aPhysiothérapie$vPériodiques 606 $aPhysiothérapie 606 $aRéadaptation 606 $apardons$2aat 606 $aRehabilitation$2fast 606 $aMedical rehabilitation$2fast 606 $aPhysical therapy$2fast 608 $aPeriodical 608 $aPeriodicals$2fast 608 $aPeriodicals.$2lcgft 615 0$aPhysical therapy 615 0$aMedical rehabilitation 615 12$aPhysical Therapy Modalities 615 22$aRehabilitation 615 2$aPhysical Therapy Specialty 615 6$aPhysiothérapie 615 6$aPhysiothérapie. 615 6$aRéadaptation. 615 7$apardons. 615 7$aRehabilitation 615 7$aMedical rehabilitation 615 7$aPhysical therapy 676 $a615.82 712 02$aTürkiye Fizyoterapistler Derne?i, 906 $aJOURNAL 912 $a9910867299803321 996 $aFizyoterapi Rehabilitasyon$92107796 997 $aUNINA